Majetok, ktorý je súčasťou prírodného a kultúrneho dedičstva

Vymedzenie a vykazovanie majetku, ktorý je súčasťou prírodného a kultúrneho dedičstva. Štandard IPSAS 17 nevyžaduje vykazovanie majetku, ktorý je súčasťou prírodného a kultúrneho dedičstva a ktorý by inak splnil definíciu a podmienky vykazovania dlhodobého hmotného majetku. Ak účtovná jednotka vykaz...

ver descrição completa

Na minha lista:
Detalhes bibliográficos
Autor principal: Fratričová, Zuzana
Formato: Capítulo de Livro
Idioma:eslovaco
Assuntos:
Tags: Adicionar Tag
Sem tags, seja o primeiro a adicionar uma tag!

MARC

LEADER 00000naa$a2200000$$$4500
001 0075312
005 20240502071902.0
041 0 |a slo 
044 |a SK 
245 1 0 |a Majetok, ktorý je súčasťou prírodného a kultúrneho dedičstva  |c Zuzana Fratričová 
520 |a Vymedzenie a vykazovanie majetku, ktorý je súčasťou prírodného a kultúrneho dedičstva. Štandard IPSAS 17 nevyžaduje vykazovanie majetku, ktorý je súčasťou prírodného a kultúrneho dedičstva a ktorý by inak splnil definíciu a podmienky vykazovania dlhodobého hmotného majetku. Ak účtovná jednotka vykazuje majetok, ktorý je súčasťou prírodného a kultúrneho dedičstva, je povinná aplikovať ustanovené požiadavky vykazovania a môže, ale nie je povinná, použiť požiadavky na oceňovanie stanovené štandardom. Opatrenie MF SR stanovuje umelecké diela, o ktorých bude účtovná jednotka účtovať a tiež stanovuje diela, o ktorých nebude účtovať, ktoré vo svojej podstate spĺňajú definíciu majetku ako kultúrneho a prírodného dedičstva. 
610 2 0 |a sektor verejný 
610 2 0 |a majetok hmotný 
610 2 0 |a majetok dlhodobý 
610 2 0 |a jednotka účtovná 
610 2 0 |a výkazníctvo účtovné 
610 2 0 |a štandardy 
100 1 |a Fratričová, Zuzana